| 000 | 00373 a2200157 4500 | ||
|---|---|---|---|
| 001 | 175263 | ||
| 020 | _a85-10-02458-8 | ||
| 040 | _cMagnum | ||
| 100 | _aAbreu, SÃlvio Viegas de | ||
| 240 | 1 | 0 |
_aAbrindo caminhos com a geografia 2 _lpor |
| 245 | 1 | 0 | _aAbrindo caminhos com a geografia 2 |
| 300 | _a152 | ||
| 362 | 0 | _a1999 | |
| 697 | _aGEOGRAFIA DO BRASIL | ||
| 942 | _cBK | ||
| 999 |
_c175263 _d175263 |
||